01332nam a2200241Ia 4500001000600000003000900006008004100015040001300056040001300069041001300082100001700095100002900112245004000141245004000181250001100221260001000232260001000242260004900252300005700301500067700358650002401035650003101059B0761IT-RoPAU130308s9999 xx 000 0 und d aIT-RoPAU cIT-RoPAU aFRANCESE aRicoeur Paul gCodice Aut. SPICS: 2052 aDe l'interpretation-Essai sur Freud bDe L'Interpretation-Essai Sur Freud a1a ed. aPARIS bSeuil c1965 [1° Ed.:1965 - Ed.Ling.Originale:1965] a"534 p. (prefazione: no ; testo: 534 [pagine: 0-0])" aDell'Interpretazione: Saggio su Freud. Linguaggio, Simbolo e Interpretazione. conflitto delle Interpretazioni. Metodo Ermeneutico e Filosofia Riflessiva. Lettura di Freud. Energetica ed Ermeneutica. Energetica ed Ermeneuticanell'Interpretazione dei Sogni. pulsione e rappresentazione Negli scritti di Metapsicologia. Interpretazione della Cultura. Analogia del Sogno. Dall'Onirico al Sublime. Illusione. Principio di piacere e Principio di Realta'.Pulsioni di Morte: Speculazione e Interpretazione. Interrogazioni. Interpretazione Filosofica di Freud. Epistemologia: tra Psicologia e Fenomenologia. Archeologia del Soggetto. Archeologia e Teleologia. Approcci del Simbolo. aSAGGI DI PSICOLOGIA eCodice materia Spics: 3607